Métodos quantitativos: ensino secundário

Salvato in:
Dettagli Bibliografici
Autore principale: Cardadeiro, Filomena
Altri autori: Peles, Paula
Natura: Sconosciuto
Lingua:portoghese
Pubblicazione: Lisboa Plátano 1999
Edizione:2ª ed
Catalogo:MANES:  Risultati della ricerca del catalogo della biblioteca
Libro di testo Classificazione:
Tags: Aggiungi Tag
Nessun Tag, puoi essere il primo ad aggiungerne!!
Aggiunto a:2016-04-26
Cambiato in:2025-04-25

MARC

LEADER 000000000a22000000004500
001 28139
003 OSt
005 20250425111447.0
008 160427s pt ||||| |||| 00| 0 por d
040 |c centro_manes 
041 1 |a por 
100 1 |a Cardadeiro, Filomena  |9 15757 
245 0 0 |a Métodos quantitativos: ensino secundário 
250 |a 2ª ed 
260 3 |a Lisboa  |b Plátano  |c 1999 
300 |a 239 p.;  |c 28 cm 
500 |a Bibliografia, p. 239 
561 |5 pt-BNP  |a Portugal. Biblioteca Nacional de Portugal  |k MANES 
690 0 |a MATE 
691 |a SE 
700 1 |a Peles, Paula  |9 15758 
942 |2 ddc  |c BK 
546 |a Portugal 
999 |c 29601  |d 29601 
999 |c manes:29601  |d 29601